000 00804nam a22002537a 4500
001 BR8900560
003 BR-BrBNA
005 20230928093134.0
007 ta
008 230509b bl.||||| |||| 00| 0 por d
040 _aBR-BrBNA
_bpor
_cBiblioteca Nacional de Agricultura
041 _a(Por)
072 _aK10
_b/G514
090 _ K10 BR8900560
110 1 _aInstituto Brasileiro de Desenvolvimento Florestal, Brasilia, DF (Brasil). Depto. de Economia Florestal
_95731
245 1 _aAlteracao da cobertura vegetal natural do estado de Rondonia. Anexo Relatorio tecnico. Mapas
260 3 _aBrasilia, DF (Brasil):
_c1982.
300 _a15 p.
500 _a15 Maps, scale 1:250.000
650 _aCOBERTURA VEGETAL
650 _aRONDONIA
909 _a202309
_bLucia
_c55
_dLucia Elande
942 _cBK
999 _c43214
_d43214